Náš kraj časopis Banskobystrického samosprávneho kraja
| New Title: | Bystrický kraj Náš kraj (Banská Bystrica) |
|---|---|
| Previous Title: | Župný hlásnik |
| Corporate Author: | |
| Other Authors: | , |
| Format: | Journal |
| Language: | Slovak |
| PhysicalDescription: | zv. 29-40 cm |
| Published: |
Banská Bystrica
Banskobystrický samosprávny kraj
2007-
|
| ISSN: | 1339-1453 1339-145 |
| Subjects: | |
| Online Access: | http://www.vucbb.sk/portal/samosprava/medialny-servis/nas-kraj?tid=359 |
MARC
| LEADER | 00000cas a2200000 a 4500 | ||
|---|---|---|---|
| 001 | vtls009492174 | ||
| 003 | SK-MaSNL | ||
| 005 | 20260502002822.0 | ||
| 008 | 090415d20079999xo mr p 0 b0slo | ||
| 022 | |a 1339-1453 | ||
| 035 | |a (SVKBB)vtls000308153 | ||
| 040 | |a SVKBB |b slo |c SVKBB |d SVKPO |d SNK |e AACR2 | ||
| 041 | 0 | |a slo | |
| 043 | |a e-xo--- | ||
| 044 | |a xo |c SK | ||
| 072 | 7 | |a 352/354 |x Stupne miestnej, oblastnej a ústrednej správy |2 konspekt | |
| 080 | |a 353.9 |2 2011 | ||
| 080 | |a (437.64) |2 2011 | ||
| 080 | |a (051)+(054)(437.6) |2 2011 | ||
| 110 | 1 | |a Banskobystrický samosprávny kraj (Slovensko). |b Úrad |9 31594 | |
| 210 | 0 | |a Náš kraj |b (Banská Bystrica) | |
| 222 | 0 | |a Náš kraj |b (Banská Bystrica) | |
| 245 | 0 | 0 | |a Náš kraj |b časopis Banskobystrického samosprávneho kraja |
| 246 | 1 | 3 | |a Dobré správy pre Náš kraj |
| 260 | |a Banská Bystrica |b Banskobystrický samosprávny kraj |c 2007- | ||
| 300 | |a zv. |c 29-40 cm | ||
| 310 | |a 1x mesačne | ||
| 362 | 0 | |a Roč. 3, č. 1 (2009)-roč. 8, č. 2 (2014) ; roč. 9, č. 1 (2018) | |
| 500 | |a Podnázov od sept. 2009-1/2011: mesačník Banskobystrického samosprávneho kraja ; 2/2011-2/2014: Banskobystrický samosprávný kraj | ||
| 500 | |a V tiráži podnázov č. 2/2011: spravodajský mesačník pre Banskobystrický samosprávny kraj ; č. 3/2011-2/2014: spravodajský mesačník Banskobystrického samosprávneho kraja | ||
| 500 | |a Noviny majú rozmery zv. od 29 cm do 40 cm (č. 6/2012) | ||
| 500 | |a Reg. číslo: EV 3241/09 ; 5686/18 | ||
| 500 | |a Šéfredaktor: 2/2011, Katarína Plaskutová ; 2/2014, Michal Albert ; zodp. red. 3/2011-6/2012, Peter Hajnala ; 3/2011-12/2013, Iveta Kureková ; 1/2013-12/2013, Monika Pastuchová ; 1/2014 Miroslav Belička | ||
| 500 | |a V r. 2012 vyšlo 7 čísiel, z toho 2 čísla majú označenie č. 6 | ||
| 500 | |a Podnázov od roku 2018: aktuálne informácie z Banskobystrického samosprávneho kraja | ||
| 580 | |a Časopis v r. 2014-2017 vychádzal pod názvom: Bystrický kraj a od r. 2018 sa vrátil k pôvodnému názvu: Náš kraj | ||
| 610 | 1 | 7 | |a Banskobystrický samosprávny kraj (Slovensko). |b Úrad |2 SNKKA) |9 31594 |
| 650 | 0 | 7 | |a územná samospráva |2 SNKPH |9 802 |
| 651 | 7 | |a Banská Bystrica (Slovensko : okres) |2 SNKPHgeo |9 74246 | |
| 655 | 7 | |a regionálne periodiká |2 SNKPH |9 131775 | |
| 700 | 1 | |a Plaskutová, Katarína |4 pbd |9 265662 | |
| 700 | 1 | |a Albert, Michal |4 pbd |9 42577 | |
| 700 | 1 | |a Hajnala, Peter |4 lso |9 265663 | |
| 700 | 1 | |a Kureková, Iveta |4 lso |9 265664 | |
| 700 | 1 | |a Pastuchová, Monika |4 lso |9 265665 | |
| 700 | 1 | |a Belička, Miroslav |4 lso |9 265666 | |
| 710 | 2 | 7 | |a Banskobystrický samosprávny kraj (Slovensko). |b Úrad |4 pbl |9 31594 |
| 780 | 0 | 0 | |t Župný hlásnik |w vtls009152684 |
| 785 | 0 | 0 | |t Bystrický kraj |w vtls010598769 |
| 785 | 0 | 8 | |t Náš kraj (Banská Bystrica) |x 1339-145 |
| 852 | |a Štátna vedecká knižnica v Banskej Bystrici | ||
| 856 | 4 | 1 | |u http://www.vucbb.sk/portal/samosprava/medialny-servis/nas-kraj?tid=359 |
| 910 | |a snk | ||
| 910 | |a svkpo | ||
| 910 | |a svkbb | ||
| 999 | |c 990 |d 990 | ||
| 952 | |t č. 1-12, neúplné |a SNK |b SNK |y PREZ |7 0 |p 17A1522979 |o snkČSB 6324/12/2021 |i snk2024/5839 |8 0 |z Chýba č. 6 |0 0 |1 0 |4 0 |d 2024-04-12 |l 0 |r 2026-02-21 19:53:22 |w 2026-02-21 | ||
| 952 | |t č. 1-12, neúplné |a SNK |b SNK |y PREZ |7 0 |p 17A1522980 |o snkČSB 6324/13/2022 |i snk2024/5841 |8 0 |z Chýba č. 12 ; Č. 1-3 majú chybne uvedený ročník |0 0 |1 0 |4 0 |d 2024-04-12 |l 0 |r 2026-02-21 19:53:23 |w 2026-02-21 | ||
| 952 | |t č. 1-6 |a SNK |b SNK |y PREZ |7 0 |p 17A1522981 |o snkČSB 6324/14/2023 |i snk2024/5842 |8 0 |0 0 |1 0 |4 0 |d 2024-04-12 |l 0 |r 2026-02-21 19:53:23 |w 2026-02-21 | ||
| 952 | |t č. 1-12 |a SNK |b SNK |y PREZ |7 0 |p 17A1435587 |o snkČSB 6324/11/2020 |i snk2021/10263 |8 0 |0 0 |1 0 |4 0 |d 2021-08-16 |l 0 |r 2026-02-21 19:59:55 |w 2026-02-21 | ||
| 952 | |t č. 1-12 |a SNK |b SNK |y PREZ |7 0 |p 17A1204916 |o snkČSB 6324/7/2013 |i snk2017/3843 |8 0 |0 0 |1 0 |4 0 |d 2017-02-10 |l 0 |r 2026-02-21 20:13:57 |w 2026-02-21 | ||
| 952 | |t č. 1-10 |a SNK |b SNK |y PREZ |7 0 |p 17A1204922 |o snkČSB 6324/3/2009 |i snk2017/3785 |8 0 |0 0 |1 0 |4 0 |d 2017-02-10 |l 0 |r 2026-02-21 21:55:12 |w 2026-02-21 | ||
| 952 | |t č. 1-10 |a SNK |b SNK |y PREZ |7 0 |p 17A1204919 |o snkČSB 6324/4/2010 |i snk2017/3806 |8 0 |0 0 |1 0 |4 0 |d 2017-02-10 |l 0 |r 2026-02-21 21:55:28 |w 2026-02-21 | ||
| 952 | |t č. 1-12 |a SNK |b SNK |y PREZ |7 0 |p 17A1204918 |o snkČSB 6324/5/2011 |i snk2017/3807 |8 0 |0 0 |1 0 |4 0 |d 2017-02-10 |l 0 |r 2026-02-21 21:55:28 |w 2026-02-21 | ||
| 952 | |t č. 1-7 |a SNK |b SNK |y PREZ |7 0 |p 17A1204917 |o snkČSB 6324/6/2012 |i snk2017/3836 |8 0 |z Dve čísla majú označenie č. 6 |0 0 |1 0 |4 0 |d 2017-02-10 |l 0 |r 2026-02-21 21:55:31 |w 2026-02-21 | ||
| 952 | |t č. 1-2 |a SNK |b SNK |y PREZ |7 0 |p 17A1204914 |o snkČSB 6324/8/2014 |i snk2017/3897 |8 0 |0 0 |1 0 |4 0 |d 2017-02-10 |l 0 |r 2026-02-21 21:55:31 |w 2026-02-21 | ||
| 952 | |t č. 1-6 |a SNK |b SNK |y PREZ |7 0 |p 17A1386568 |o snkČSB 6324/9/2018 |i snk2020/3573 |8 0 |0 0 |1 0 |4 0 |d 2020-02-14 |l 0 |r 2026-02-21 22:29:40 |w 2026-02-21 | ||
| 952 | |t č. 1-12 |a SNK |b SNK |y PREZ |7 0 |p 17A1386567 |o snkČSB 6324/10/2019 |i snk2020/3577 |8 0 |0 0 |1 0 |4 0 |d 2020-02-14 |l 0 |r 2026-02-21 22:29:40 |w 2026-02-21 | ||


